The bondage breaker study guide / (Record no. 10522)
[ view plain ]
| 000 -LEADER | |
|---|---|
| fixed length control field | 00729nam a2200265Ka 4500 |
| 001 - CONTROL NUMBER | |
| control field | 32193197 |
| 003 - CONTROL NUMBER IDENTIFIER | |
| control field | OCoLC |
| 005 - DATE AND TIME OF LATEST TRANSACTION | |
| control field | 20210225111012.0 |
| 008 - FIXED-LENGTH DATA ELEMENTS--GENERAL INFORMATION | |
| fixed length control field | 950323s1992 oru 000 0 eng d |
| 020 ## - INTERNATIONAL STANDARD BOOK NUMBER | |
| International Standard Book Number | 0890819963 |
| 040 ## - CATALOGING SOURCE | |
| Original cataloging agency | MLH |
| Transcribing agency | MLH |
| 050 ## - LIBRARY OF CONGRESS CALL NUMBER | |
| Item number | AN545B |
| 082 ## - DEWEY DECIMAL CLASSIFICATION NUMBER | |
| Item number | AN545B |
| 092 ## - LOCALLY ASSIGNED DEWEY CALL NUMBER (OCLC) | |
| Classification number | 235.2 |
| Item number | A548B2 |
| 100 1# - MAIN ENTRY--PERSONAL NAME | |
| Personal name | Anderson, Neil T., |
| Dates associated with a name | 1942- |
| 245 14 - TITLE STATEMENT | |
| Title | The bondage breaker study guide / |
| Statement of responsibility, etc. | Neil T. Anderson with Lisa Guest |
| 260 ## - PUBLICATION, DISTRIBUTION, ETC. | |
| Place of publication, distribution, etc. | Eugene, Or. : |
| Name of publisher, distributor, etc. | Harvest House Publishers, |
| Date of publication, distribution, etc. | c1992 |
| 300 ## - PHYSICAL DESCRIPTION | |
| Extent | 121 p. ; |
| Dimensions | 21 cm |
| 650 #0 - SUBJECT ADDED ENTRY--TOPICAL TERM | |
| Topical term or geographic name entry element | Spiritual warfare |
| 650 #0 - SUBJECT ADDED ENTRY--TOPICAL TERM | |
| Topical term or geographic name entry element | Pastoral counseling |
| 650 #0 - SUBJECT ADDED ENTRY--TOPICAL TERM | |
| Topical term or geographic name entry element | Spiritual life |
| General subdivision | Christianity |
| 650 #0 - SUBJECT ADDED ENTRY--TOPICAL TERM | |
| Topical term or geographic name entry element | Pastoral psychology |
| 700 1# - ADDED ENTRY--PERSONAL NAME | |
| Personal name | Guest, Lisa |
| 942 ## - ADDED ENTRY ELEMENTS (KOHA) | |
| Source of classification or shelving scheme | Dewey Decimal Classification |
| Koha item type | Books |
| Withdrawn status | Lost status | Source of classification or shelving scheme | Damaged status | Not for loan | Collection code | Home library | Current library | Shelving location | Date acquired | Total Checkouts | Full call number | Barcode | Date last seen | Price effective from | Koha item type |
|---|---|---|---|---|---|---|---|---|---|---|---|---|---|---|---|
| Dewey Decimal Classification | Non-fiction | Harvest Mission College | Harvest Mission College | General Stacks | 02.03.2021 | 235.4 AN545B | 012206 | 02.03.2021 | 02.03.2021 | Books | |||||
| Dewey Decimal Classification | Non-fiction | Harvest Mission College | Harvest Mission College | General Stacks | 02.03.2021 | 235.4 AN545B | 012135 | 02.03.2021 | 02.03.2021 | Books |
